Costa Rica: the ecotraveller´s wildlife guide (Registro nro. 5282)
[ vista simple ]
| 000 -Cabecera | |
|---|---|
| Campo de control de longitud fija | 00819aam a2200337 4500 |
| 005 - Fecha y hora de la última transacción | |
| Campo de control | 20240719191323.0 |
| 008 - Elementos de longitud fija--Información general | |
| Campo de control de longitud fija | 150508b2005 -us||||| |||| 00| 0 eng d |
| 020 ## - International Standard Book Number | |
| Número Internacional Estándar del Libro (ISBN) | 1566565294 |
| 041 ## - Idioma | |
| Código de idioma | Inglés |
| 082 ## - Clasificación Decimal Dewey | |
| Número de clasificación | 591.972.86 B428c |
| 100 ## - Entrada principal--Autor personal | |
| Nombre personal | Beletsky, Les |
| 9 (RLIN) | 37538 |
| 245 ## - Título propiamente dicho | |
| Título | Costa Rica: the ecotraveller´s wildlife guide |
| 260 ## - Pie de imprenta | |
| Lugar de publicación, distribución, etc. | Estados Unidos |
| 260 ## - Pie de imprenta | |
| Nombre del editor, distribuidor, etc. | Interlink Books |
| 260 ## - Pie de imprenta | |
| Fecha de publicación, distribución, etc. | 2007 |
| 300 ## - Descripción física | |
| Extensión | 414 páginas |
| 505 ## - Nota de contenido | |
| Nota de contenido | Incluye ilustraciones y fotografías |
| 650 ## - Materia general | |
| Temática (materia general) | COSTA RICA |
| 650 ## - Materia general | |
| Temática (materia general) | GEOGRAFÍA |
| 650 ## - Materia general | |
| Temática (materia general) | ANIMALES |
| 650 ## - Materia general | |
| Temática (materia general) | ECOTURISMO |
| 650 ## - Materia general | |
| Temática (materia general) | ECOLOGÍA |
| 650 ## - Materia general | |
| Temática (materia general) | CONSERVACIÓN |
| 650 ## - Materia general | |
| Temática (materia general) | HISTORIA NATURAL |
| 650 ## - Materia general | |
| Temática (materia general) | AVES |
| 650 ## - Materia general | |
| Temática (materia general) | REPTILES |
| 650 ## - Materia general | |
| Temática (materia general) | ANFIBIOS |
| 650 ## - Materia general | |
| Temática (materia general) | MAMÍFEROS |
| 942 ## - Punto de acceso adicional KOHA | |
| Tipo de ítem KOHA | Libro |
| Fuente del sistema de clasificación o colocación | Dewey Decimal Classification |
| Signatura completa | Código de barras | Programa Académico | Tipo de ítem |
|---|---|---|---|
| 591.972.86 B428c | 14287 | Turismo | Libro |